[Event "FRA-chT Top 12"]
[Site "Chalons en Champagne"]
[Date "2021.07.02"]
[Round "9.6"]
[White "Ruhlmann, Helene"]
[Black "Abbassi, Zeyneb"]
[Result "1/2-1/2"]
[WhiteElo "1816"]
[BlackElo "1924"]
[PlyCount "137"]
[EventDate "2021.06.24"]
[EventType "team-tourn"]
[EventRounds "11"]
[EventCountry "FRA"]
[SourceTitle "CBM 203 Extra"]
[Source "ChessBase"]
[SourceDate "2021.09.30"]
[SourceVersion "1"]
[SourceVersionDate "2021.09.30"]
[SourceQuality "1"]
[WhiteTeam "Echiquier de l'Erdre"]
[BlackTeam "Chartres"]
[WhiteTeamCountry "FRA"]
[BlackTeamCountry "FRA"]

1. c4 Nf6 2. Nc3 e5 3. g3 Nc6 4. Nf3 Bc5 5. Nxe5 Bxf2+ 6. Kxf2 Nxe5 7. b3 d5 8. d4 Neg4+ 9. Kg1 Bf5 10. Bg2 Qe7 11. Nxd5 Nxd5 12. Bxd5 0-0-0 13. Bf3 Ne3 14. Bxe3 Qxe3+ 15. Kg2 Rxd4 16. Qg1 Qe5 17. Rd1 Rhd8 18. Rxd4 Rxd4 19. Qc1 Be4 20. Rd1 Bxf3+ 21. Kxf3 Qh5+ 22. Ke3 Rxd1 23. Qxd1 Qxh2 24. Kf3 Qh5+ 25. Kf2 Qf5+ 26. Kg2 Qe4+ 27. Kf2 h5 28. Qd2 f6 29. Qa5 h4 30. gxh4 Qxh4+ 31. Kf1 Qf4+ 32. Ke1 Qh4+ 33. Kf1 Qh1+ 34. Kf2 Qh2+ 35. Kf1 Qf4+ 36. Ke1 Qg3+ 37. Kf1 Qh3+ 38. Ke1 Qh4+ 39. Kf1 Qf4+ 40. Ke1 Qe3 41. Qf5+ Kb8 42. Qd7 Qg3+ 43. Kf1 a6 44. Qd8+ Ka7 45. Qd4+ b6 46. c5 Qh3+ 47. Kf2 Qe6 48. Ke1 g5 49. a4 a5 50. b4 axb4 51. Qxb4 bxc5 52. Qa5+ Kb7 53. Qxc5 Qb6 54. Qf5 Qg1+ 55. Kd2 Qd4+ 56. Ke1 Qa1+ 57. Kf2 Qd4+ 58. Ke1 Qh4+ 59. Kd2 Qf4+ 60. Qxf4 gxf4 61. Kd3 f5 62. Kc4 Kb6 63. Kb4 Ka6 64. Kc5 Ka5 65. Kc6 Kxa4 66. Kxc7 Kb3 67. Kd6 Kc3 68. Ke5 Kd2 69. Kxf4 1/2-1/2

[Event "C'Chartres Blitz op April"]
[Site "Europe Echecs INT"]
[Date "2021.04.10"]
[Round "8"]
[White "Abbassi, Zeyneb"]
[Black "Flom, Gabriel"]
[Result "0-1"]
[WhiteElo "1924"]
[BlackElo "2483"]
[PlyCount "42"]
[EventDate "2021.04.10"]
[EventType "swiss (blitz)"]
[EventRounds "11"]
[EventCountry "FRA"]
[SourceTitle "CBM 201 Extra"]
[Source "ChessBase"]
[SourceDate "2021.05.31"]
[SourceVersion "1"]
[SourceVersionDate "2021.05.31"]
[SourceQuality "1"]

1. d4 Nf6 2. Bf4 d6 3. Nc3 Nbd7 4. Nf3 g6 5. e4 Bg7 6. h3 0-0 7. e5 Nh5 8. Bh2 c5 9. d5 Nxe5 10. Nxe5 Bxe5 11. Bxe5 dxe5 12. g4 Nf4 13. Qd2 a6 14. 0-0-0 b5 15. d6 Bb7 16. Rh2 exd6 17. Qxd6 Qxd6 18. Rxd6 Rfd8 19. Rb6 Bf3 20. a3 Rac8 21. Rxa6 b4 0-1

[Event "C'Chartres Blitz op April"]
[Site "Europe Echecs INT"]
[Date "2021.04.10"]
[Round "9"]
[White "Gilles, Francois"]
[Black "Abbassi, Zeyneb"]
[Result "0-1"]
[WhiteElo "1637"]
[BlackElo "1924"]
[PlyCount "78"]
[EventDate "2021.04.10"]
[EventType "swiss (blitz)"]
[EventRounds "11"]
[EventCountry "FRA"]
[SourceTitle "CBM 201 Extra"]
[Source "ChessBase"]
[SourceDate "2021.05.31"]
[SourceVersion "1"]
[SourceVersionDate "2021.05.31"]
[SourceQuality "1"]

1. d4 Nf6 2. c4 e6 3. Nc3 Bb4 4. Qc2 0-0 5. e3 b6 6. Bd3 Bb7 7. Nf3 d6 8. a3 Bxc3+ 9. bxc3 Nbd7 10. e4 e5 11. d5 h6 12. 0-0 Nc5 13. Nd2 Ba6 14. Nb3 Rb8 15. Nxc5 bxc5 16. Bd2 Qd7 17. h3 Nh5 18. f4 Nxf4 19. Bxf4 exf4 20. Rxf4 f6 21. Raf1 Rfe8 22. Qd1 Re5 23. R1f3 Rb2 24. Rg4 Kh8 25. h4 Qe8 26. Rfg3 Re7 27. Rg6 Bc8 28. Qc1 Rb8 29. Qf4 Qf7 30. Qe3 Bd7 31. h5 Rbe8 32. Qf3 Re5 33. Rxg7 Qxg7 34. Rxg7 Kxg7 35. Qg3+ Rg5 36. Qf3 Kf7 37. Qf4 Reg8 38. g3 Rxg3+ 39. Kf2 Rxd3 0-1

[Event "Trophee Roza Lallemand Online"]
[Site "Tornelo INT"]
[Date "2020.12.13"]
[Round "8"]
[White "Abbassi, Zeyneb"]
[Black "Saba, Nathalie"]
[Result "0-1"]
[WhiteElo "1924"]
[BlackElo "1626"]
[PlyCount "124"]
[EventDate "2020.12.13"]
[EventType "swiss (rapid)"]
[EventRounds "9"]
[EventCountry "USA"]
[SourceTitle "EXT 2022"]
[Source "ChessBase"]
[SourceDate "2021.10.06"]
[SourceVersion "1"]
[SourceVersionDate "2021.10.06"]
[SourceQuality "1"]

1. d4 Nf6 2. Bf4 c5 3. d5 b5 4. f3 d6 5. e4 b4 6. Nd2 g6 7. Bb5+ Bd7 8. Qe2 Bg7 9. Bxd7+ Nbxd7 10. Nc4 0-0 11. Qe3 Nb6 12. Nd2 Nh5 13. Bh6 Bxb2 14. Rb1 Bg7 15. Ne2 Nd7 16. g4 Nhf6 17. h4 Ne5 18. h5 Nexg4 19. fxg4 Nxg4 20. Qg5 Nxh6 21. hxg6 fxg6 22. Rxh6 Bxh6 23. Qxh6 Qe8 24. Rb3 Qf7 25. Rf3 Qg7 26. Qxg7+ Kxg7 27. Nf4 Rf6 28. Ne6+ Kf7 29. Ke2 Rxf3 30. Nxf3 h5 31. Nfg5+ Kf6 32. Ke3 Rh8 33. Kf4 h4 34. Nh3 a5 35. Ke3 g5 36. Nexg5 a4 37. Nf3 c4 38. Kd4 b3 39. cxb3 cxb3 40. axb3 a3 41. Ne1 Rc8 42. Nd3 a2 43. Nhf4 a1Q+ 44. Ke3 Qg1+ 45. Kd2 Qh2+ 46. Ke3 Rc3 47. Kd4 Rxd3+ 48. Nxd3 Qg1+ 49. Kc4 h3 50. b4 h2 51. b5 h1Q 52. b6 Qxe4+ 53. Kc3 Qxd3+ 54. Kxd3 Qxb6 55. Ke4 Qb4+ 56. Kd3 Ke5 57. Ke3 Qb3+ 58. Kd2 Kd4 59. Ke2 Qe3+ 60. Kd1 Qf2 61. Kc1 Kc3 62. Kb1 Qb2# 0-1

[Event "Angouleme Lallemand Memorial op"]
[Site "Angouleme"]
[Date "2018.06.09"]
[Round "1"]
[White "Abbassi, Zeyneb"]
[Black "Maisuradze, Nino"]
[Result "0-1"]
[WhiteElo "1807"]
[BlackElo "2200"]
[PlyCount "90"]
[EventDate "2018.06.09"]
[EventType "swiss (rapid)"]
[EventRounds "9"]
[EventCountry "FRA"]
[SourceTitle "CBM 184 Extra"]
[Source "ChessBase"]
[SourceDate "2018.06.28"]
[SourceVersion "1"]
[SourceVersionDate "2018.06.28"]
[SourceQuality "1"]

1. d4 Nf6 2. Bf4 d5 3. e3 c6 4. c3 Bf5 5. c4 e6 6. Qb3 Qb6 7. c5 Qxb3 8. axb3 Nbd7 9. b4 a6 10. b5 cxb5 11. Bxb5 Bxb1 12. Bxd7+ Kxd7 13. Rxb1 Nh5 14. Bg3 Nxg3 15. hxg3 a5 16. Nf3 f6 17. Kd2 Be7 18. Ra1 h6 19. Nh4 Rhb8 20. Ng6 Bd8 21. Rhc1 Bc7 22. f4 b5 23. g4 a4 24. g5 hxg5 25. fxg5 b4 26. gxf6 gxf6 27. Rh1 Rg8 28. Rh7+ Kd8 29. Rh8 Rxh8 30. Nxh8 b3 31. Ng6 Kd7 32. Nf4 Ba5+ 33. Kd3 Bb4 34. Ne2 a3 35. bxa3 b2 36. Rb1 Rxa3+ 37. Kc2 Rxe3 38. Nf4 Bc3 39. Rh1 Bxd4 40. Nd3 Re2+ 41. Kb3 Rxg2 42. Rb1 e5 43. Nb4 Rg3+ 44. Ka4 Rg1 45. c6+ Kd6 0-1

[Event "FRA-chT Top 12 (Women) GpA"]
[Site "Rungis"]
[Date "2018.05.06"]
[Round "2.3"]
[White "Dornbusch, Tatiana"]
[Black "Abbassi, Zeyneb"]
[Result "1/2-1/2"]
[WhiteElo "2290"]
[BlackElo "1766"]
[PlyCount "114"]
[EventDate "2018.05.05"]
[EventType "team-tourn"]
[EventRounds "5"]
[EventCountry "FRA"]
[SourceTitle "CBM 184 Extra"]
[Source "ChessBase"]
[SourceDate "2018.06.28"]
[SourceVersion "1"]
[SourceVersionDate "2018.06.28"]
[SourceQuality "1"]
[WhiteTeam "Monaco (W)"]
[BlackTeam "Strasbourg (W)"]
[WhiteTeamCountry "MNC"]
[BlackTeamCountry "FRA"]

1. d4 d5 2. c4 c6 3. Nf3 e6 4. Nc3 f5 5. Bf4 Nf6 6. e3 Be7 7. Bd3 0-0 8. Qc2 Ne4 9. g4 Qa5 10. Ke2 Bb4 11. Rac1 Nd7 12. gxf5 Bxc3 13. bxc3 exf5 14. Rhg1 Kh8 15. Ne5 Qd8 16. cxd5 cxd5 17. f3 Qh4 18. Rg2 Ndf6 19. fxe4 fxe4 20. Bb5 Bh3 21. Rgg1 Ng4 22. Rce1 Nxh2 23. Kd1 Nf3 24. Nxf3 exf3 25. Bg3 Qh5 26. Qf2 Rac8 27. Kd2 Bf5 28. Be5 Bg6 29. Bd3 Kg8 30. Bxg6 hxg6 31. Rg3 g5 32. Reg1 Rf5 33. Rg4 Qg6 34. Rc1 Qa6 35. Rc2 Qe6 36. Rg3 Qf7 37. Rc1 Qh5 38. Rgg1 Qg6 39. Bg3 Qa6 40. Rc2 Qe6 41. Rh1 Re8 42. Be5 Qg6 43. Ke1 g4 44. Rg1 Ref8 45. Kd2 Rh5 46. Bf4 Rh3 47. Rg3 Rh1 48. Rc1 Rxc1 49. Kxc1 Qd3 50. Kb2 Qb5+ 51. Kc2 Qa4+ 52. Kb2 Qb5+ 53. Ka1 Qd3 54. Kb2 Rf6 55. Qc2 Rb6+ 56. Kc1 Qf1+ 57. Kd2 Qf2+ 1/2-1/2

[Event "FRA-ch U18 Girls"]
[Site "Saint Paul Trois Chateaux"]
[Date "2013.05.02"]
[Round "5"]
[White "Abbassi, Zeyneb"]
[Black "Rouzes, Sibylle Anne"]
[Result "0-1"]
[WhiteElo "1584"]
[BlackElo "1582"]
[PlyCount "58"]
[EventDate "2013.04.28"]
[EventType "swiss"]
[EventRounds "9"]
[EventCountry "FRA"]
[SourceTitle "CBM 154 Extra"]
[Source "ChessBase"]
[SourceDate "2013.06.25"]
[SourceVersion "2"]
[SourceVersionDate "2013.06.25"]
[SourceQuality "1"]

1. d4 d5 2. Nf3 c6 3. e3 Nf6 4. Bd3 Bg4 5. c4 dxc4 6. Bxc4 e6 7. Qb3 b5 8. Be2 Be7 9. Bd2 a5 10. 0-0 0-0 11. Nc3 Nbd7 12. Rfe1 b4 13. Na4 c5 14. dxc5 Nxc5 15. Nxc5 Bxc5 16. Rad1 Qe7 17. h3 Bf5 18. Ne5 Qc7 19. Nd3 Bd6 20. Rc1 Qb6 21. Rc4 Rfc8 22. Rec1 Rxc4 23. Rxc4 Qa7 24. Bf3 Rd8 25. e4 Bg6 26. e5 Bxd3 27. Qxd3 Be7 28. exf6 Rxd3 29. fxe7 Qxe7 0-1

[Event "FRA-ch U18 Girls"]
[Site "Nimes"]
[Date "2012.04.15"]
[Round "2"]
[White "Abbassi, Zeyneb"]
[Black "Afraoui, Solenn"]
[Result "0-1"]
[WhiteElo "1481"]
[BlackElo "1923"]
[PlyCount "174"]
[EventDate "2012.04.14"]
[EventType "swiss"]
[EventRounds "9"]
[EventCountry "FRA"]
[SourceTitle "CBM 148 Extra"]
[Source "ChessBase"]
[SourceDate "2012.06.22"]
[SourceVersion "1"]
[SourceVersionDate "2012.06.22"]
[SourceQuality "1"]

1. d4 Nf6 2. Nf3 c5 3. d5 d6 4. Nc3 g6 5. e4 Bg7 6. Bb5+ Nbd7 7. a4 0-0 8. 0-0 Qc7 9. Re1 a6 10. Bf1 b6 11. Bf4 Ng4 12. Nd2 Nge5 13. Be3 Nf6 14. h3 Bb7 15. f4 Ned7 16. Nc4 Rab8 17. e5 Ne8 18. exd6 Nxd6 19. Nxd6 exd6 20. f5 Rbe8 21. Qd2 Ne5 22. Bh6 f6 23. fxg6 hxg6 24. Bxg7 Kxg7 25. Re4 Rh8 26. Rae1 Bc8 27. Ne2 Bf5 28. Rf4 Bd7 29. b3 b5 30. axb5 axb5 31. Nc3 b4 32. Ne4 Ref8 33. Qf2 Bf5 34. Ng3 Bc8 35. Ne4 Qd8 36. Qg3 Rh6 37. Be2 Kh8 38. Ref1 Bf5 39. Qf2 Bxe4 40. Rxe4 f5 41. Rf4 Qg5 42. Kh2 Rg8 43. Qg3 Qxg3+ 44. Kxg3 Ra8 45. Bb5 Ra2 46. R4f2 Ra5 47. Be2 Rh7 48. Kf4 Rh4+ 49. Kg3 Rh7 50. Kf4 Rha7 51. Kg5 Kg7 52. Bd3 Nxd3 53. cxd3 Re7 54. Rd2 Ra3 55. Rb1 Re5 56. Rbb2 Rxd5 57. Kf4 Kf6 58. Rb1 Re5 59. h4 Ra8 60. g3 Rd5 61. Rbd1 Rd4+ 62. Kf3 Re8 63. Re2 Re5 64. Kf2 Rg4 65. Rde1 Rxe2+ 66. Rxe2 Rd4 67. Re3 Rd5 68. Kf3 Re5 69. Rxe5 Kxe5 70. g4 d5 71. gxf5 Kxf5 72. Ke3 Ke5 73. Kf3 c4 74. dxc4 dxc4 75. bxc4 b3 76. c5 b2 77. c6 b1Q 78. c7 Qb7+ 79. Ke2 Qxc7 80. Kf3 Kf5 81. h5 gxh5 82. Kf2 Qc3 83. Ke2 Ke4 84. Kf2 Qf3+ 85. Kg1 Qe2 86. Kh1 Kf3 87. Kg1 Qg2# 0-1

[Event "FRA-ch U12 Girls"]
[Site "Le Grand Bornand"]
[Date "2007.04.??"]
[Round "2"]
[White "Andre, Severine"]
[Black "Abbassi, Zeyneb"]
[Result "1-0"]
[WhiteElo "1590"]
[BlackElo "1410"]
[PlyCount "41"]
[EventDate "2007.04.07"]
[EventType "swiss"]
[EventRounds "9"]
[EventCountry "FRA"]
[SourceTitle "CBM 118 Extra"]
[Source "ChessBase"]
[SourceDate "2007.07.04"]
[SourceVersion "1"]
[SourceVersionDate "2007.07.04"]
[SourceQuality "1"]

1. Nf3 c5 2. g3 d6 3. Bg2 e6 4. 0-0 Nc6 5. c4 Nf6 6. Nc3 b6 7. Qa4 Bd7 8. Qc2 g6 9. d3 h6 10. b3 Bg7 11. Bb2 0-0 12. Qd2 Qc7 13. e3 d5 14. cxd5 exd5 15. Rac1 a6 16. d4 Qd6 17. Rfd1 Be6 18. Ne5 Nxe5 19. dxe5 Qxe5 20. Nxd5 Qf5 21. Ne7+ 1-0